|
|
|
|
| LEADER |
00692cam a2200181 7i4500 |
| 001 |
0000050603 |
| 005 |
20160905090000.0 |
| 020 |
|
|
|a 9781906093860 (hbk.)
|
| 090 |
0 |
0 |
|a HD2741
|b .D48 2013
|
| 100 |
1 |
|
|a Dempsey, Alison L
|
| 245 |
1 |
0 |
|a Evolutions in corporate governance :
|b towards an ethical framework for business conduct
|c Alison L. Dempsey.
|
| 260 |
|
|
|a Sheffield:
|b Greenleaf Publishing Limited,
|c 2013.
|
| 300 |
|
|
|a xiii, 277 p;
|c 24 cm.
|
| 504 |
|
|
|a Includes bibliographical references and index
|
| 650 |
0 |
0 |
|a Corporate governance --
|x Moral and ethical aspects
|
| 650 |
0 |
0 |
|a Business ethics
|
| 997 |
|
|
|a Centre for Graduate Studies
|
| 999 |
|
|
|a 0000059262
|b BOK
|c OPEN SHELF
|e 1st Floor, Shah Alam
|